00725 2200229 4500001002100000005001500021035002000036007000300056008004100059020001800100082001600118084002200134100002100156245011800177260007100295300002700366650001700393650001500410700001200425856003400437990002400471INLIS00000000000857020260625025237 a0010-0626000139ta260625 0 eng  a979-9477-29-8 a631:37(063) a631:37(063) ABD p0 aABDURAHCMAN, Edi1 aProceeding Seminanr On Agricultural Technology Transfer And Training, February, 20-22, 2001, Yogyakarta-Indonesia aJakarta :bAgency For Agricultural research And Development,c2001 a286p. :bIlus ;c26 cm 4aAgricultural 4aTechnology0 aHapsari aPerpustakaan BBRMP Jawa Timur a731/2026/BBRMPJATIM